El desarrollo del conocimiento científico (Record no. 121345)

MARC details
000 -LEADER
campo de control de longitud fija 00691nam a2200217 4500
001 - NÚMERO DE CONTROL
campo de control 121345
003 - IDENTIFICADOR DE NÚMERO DE CONTROL
campo de control ES-MaACL
005 - FECHA Y HORA DE LA ÚLTIMA TRANSACCIÓN
campo de control 20230906191734.0
007 - CAMPO FIJO DE DESCRIPCIÓN FÍSICA--INFORMACIÓN GENERAL
campo de control de longitud fija t|
008 - DATOS DE LONGITUD FIJA--INFORMACIÓN GENERAL
campo de control de longitud fija 070214s1979 ag r ||||1| spa d
100 1# - ENTRADA PRINCIPAL--NOMBRE DE PERSONA
Nombre de persona Popper, Karl Raimund.
9 (RLIN) 93108
245 13 - MENCIÓN DEL TÍTULO
Título El desarrollo del conocimiento científico
Resto del título : conjeturas y refutaciones /
Mención de responsabilidad, etc. Karl R. Popper ; versión de Néstor Míguez.
250 ## - MENCION DE EDICION
Mención de edición 2ª. ed.
260 ## - PUBLICACIÓN, DISTRIBUCIÓN, ETC.
Lugar de publicación, distribución, etc. Buenos Aires :
Nombre del editor, distribuidor, etc. Paidos,
Fecha de publicación, distribución, etc. 1979.
300 ## - DESCRIPCIÓN FÍSICA
Extensión XI, 463 p. ;
Dimensiones 23 cm.
490 1# - MENCIÓN DE SERIE
Mención de serie Biblioteca de filosofía
700 1# - ENTRADA AGREGADA--NOMBRE PERSONAL
Nombre de persona Míguez, Néstor.
9 (RLIN) 81054
830 0# - PUNTO DE ACCESO ADICIONAL DE SERIE-TÍTULO UNIFORME
Título uniforme Biblioteca de filosofía
9 (RLIN) 181615
852 ## - LOCALIZACIÓN
Ubicación ES-MaACL
Número de control de estantería L-4630
Sublocalización o colección R.105371
Holdings
Estatus retirado Estado de pérdida Estado de daño No para préstamo Biblioteca de origen Biblioteca actual Ubicación en estantería Fecha de adquisición Fuente de adquisición Total de préstamos Signatura topográfica completa Código de barras Visto por última vez Precio de reemplazo Tipo de ítem Koha
        Biblioteca del Ateneo de Madrid Biblioteca del Ateneo de Madrid Depósito 2 17/01/2008     L-4630 1126464 23/02/2023 23/02/2023 Libro impreso